| 000 | 00624cam a22001817a 4500 | ||
|---|---|---|---|
| 005 | 20250901165326.0 | ||
| 008 | 040524s2004 nyua b 001 0 eng d | ||
| 010 | _a 2004300007 | ||
| 020 | _a0071392319 | ||
| 050 | 0 | 0 |
_aTL278 _b.L54 2004 |
| 082 | 0 | 4 |
_a658.5 _222 |
| 100 | 1 | _aLiker, Jeffrey K. | |
| 245 | 1 | 4 |
_aThe Toyota way : _b14 management principles from the world's greatest manufacturer / _cJeffrey K. Liker. |
| 260 |
_aNew York : _bMcGraw-Hill, _cc2004. |
||
| 300 |
_axxii, 330 p. : _bill. ; _c24 cm. |
||
| 500 | _a"The company that invented lean production"--Jacket. | ||
| 942 |
_2lcc _hTL278 .L55 2004 |
||
| 999 |
_c2196 _d2196 |
||